[Event "Jundiai op"]
[Site "Jundiai"]
[Date "2023.04.15"]
[Round "3"]
[White "Furlanetto, Augusto Cesar"]
[Black "Pironti, Vicente"]
[Result "0-1"]
[WhiteElo "1794"]
[BlackElo "1174"]
[PlyCount "91"]
[EventDate "2023.04.14"]
[EventType "swiss"]
[EventRounds "5"]
[EventCountry "BRA"]
[SourceTitle "CBM 213 Extra"]
[Source "ChessBase"]
[SourceDate "2023.05.31"]
[SourceVersion "1"]
[SourceVersionDate "2023.05.31"]
[SourceQuality "1"]

1. e4 e5 2. Nf3 Nc6 3. Bb5 Nf6 4. 0-0 Nxe4 5. Re1 Nf6 6. Nxe5 Nxe5 7. Rxe5+ Be7 8. d4 c6 9. Bc4 d5 10. Bd3 0-0 11. Bg5 Bd6 12. Re1 h6 13. Bh4 g5 14. Bg3 Bxg3 15. hxg3 Qd6 16. Nd2 Bg4 17. Nf3 c5 18. dxc5 Qxc5 19. Qd2 Rad8 20. Re5 Qb6 21. Nxg5 Ne4 22. Nxe4 dxe4 23. Rxe4 Bf5 24. Re3 Qxb2 25. Qe1 Bxd3 26. cxd3 Rc8 27. Re2 Qd4 28. Qd1 Rfd8 29. Re3 Rc6 30. Rb1 b6 31. Qe2 Kf8 32. Rb3 Rdc8 33. Re4 Qa1+ 34. Kh2 Rc1 35. g4 Rh1+ 36. Kg3 Qf6 37. g5 Qxg5+ 38. Rg4 Qf6 39. f3 Qd6+ 40. Kf2 Qc5+ 41. d4 Qc6 42. Rd3 Re8 43. Re4 Rxe4 44. fxe4 Qf6+ 45. Qf3 Qh4+ 46. Ke2 0-1